|
|
|
|
| LEADER |
01405cam a2200277 i 4500 |
| 001 |
9007176 |
| 003 |
GR-PaULI |
| 005 |
20240514063256.0 |
| 008 |
190703s2003 it a 001 0 eng d |
| 952 |
|
|
|0 0
|1 0
|2 ddc
|4 0
|6 704_942000000000000_MIG
|7 0
|9 233509
|a THST
|b THST
|d 2019-07-02
|i 009748
|l 0
|o 704.942 MIG
|p 025000262539
|r 2019-07-02 00:00:00
|t 1
|v 2019.00
|w 2019-07-02
|y BK15
|
| 999 |
|
|
|c 141694
|d 141694
|
| 020 |
|
|
|a 8884913799 (hft.)
|
| 040 |
|
|
|a StDuBDS
|c StDuBDS
|d Uk
|d Gx
|d GR-PaULI
|b gre
|e AACR2
|
| 082 |
0 |
4 |
|a 704.942
|2 23
|
| 100 |
1 |
|
|a Miglietti, Francesca Alfano
|e συγγραφέας
|
| 245 |
1 |
0 |
|a Extreme bodies :
|b the use and abuse of the body in art /
|c Francesca Alfano Miglietti.
|
| 260 |
|
|
|a Milan :
|b Skira ;
|a London :
|b Thames & Hudson,
|c 2003.
|
| 300 |
|
|
|a 254 σ. :
|b εικ. ;
|c 21εκ.
|
| 504 |
|
|
|6 Περιλαμβάνει ευρετήριο.
|
| 520 |
|
|
|a This is an original, theoretical reflection on the use of the body in art. The text analyses the ways in which the body has always been manipulated: from its relationship with cultural, religious and political institutions to self-mutation
|
| 650 |
|
4 |
|a Άνθρωπος στην τέχνη
|9 59729
|
| 650 |
|
0 |
|a Τέχνη, Μοντέρνα
|9 102306
|
| 650 |
|
4 |
|a Ανθρώπινη μορφή στην τέχνη
|9 51400
|
| 650 |
|
4 |
|a Σώμα, Ανθρώπινο στην τέχνη.
|9 176845
|
| 942 |
|
|
|2 ddc
|c BK15
|
| 998 |
|
|
|c ΜΑΝΙΑ
|d 2019-07
|